Statistics for The 10 richest countries in America

Click here to take the quiz!

General Stats

  • This quiz has been taken 54 times
  • The average score is 9 of 10

Answer Stats

GDP in $Country% Correct
1 643 M $Canada
98%
21 433 M $United States
98%
1 258 M $Mexico
96%
1 839 M $Brazil
92%
518 M $Argentina
90%
298 M $Chile
90%
202 M $Peru
88%
330 M $Colombia
84%
178 M $Venezuela
78%
107 M $Ecuador
73%

Score Distribution

Percentile by Number Answered

Percent of People with Each Score

Your Score History

You have not taken this quiz